The Slyvester & Tweety mysteries [ tuna catch a thief

General viewing for all ages (U)

Bibliographic Details
Main Author: Robinson, Leonard
Format: Book
Published: s.l : Warner Bros , 1997
Subjects:

MARC

LEADER 00000cam a2200000 7i4500
001 0000073708
005 20031020.0
090 0 0 |a JF   |b SLY 
100 1 |a Robinson, Leonard 
245 1 4 |a The Slyvester & Tweety mysteries [  |h video compact disc] :   |b tuna catch a thief   |c Leonard Robinson 
260 |a s.l :   |b Warner Bros ,   |c 1997 
300 |a 1 Video compact disc (45 minutes) :   |b col 
500 |a Library has 2 copies 
520 0 |a General viewing for all ages (U) 
650 0 0 |a Cartoon and carricatures 
999 |a AV 06208   |b VIDEO COMPACT DISC   |c PINJAMAN   |e PERPUSTAKAAN KOMUNITI PETALING JAYA